[Event "Cappelle rapid op 2nd"]
[Site "Cappelle la Grande"]
[Date "2020.02.29"]
[Round "8"]
[White "Eden, James"]
[Black "Petitcunot, Pierre"]
[Result "0-1"]
[WhiteElo "2326"]
[BlackElo "2452"]
[PlyCount "46"]
[EventDate "2020.02.29"]
[EventType "swiss (rapid)"]
[EventRounds "9"]
[EventCountry "FRA"]
[SourceTitle "CBM 195 Extra"]
[Source "ChessBase"]
[SourceDate "2020.05.31"]
[SourceVersion "1"]
[SourceVersionDate "2020.05.31"]
[SourceQuality "1"]

1. e4 g6 2. d4 c6 3. Nc3 d5 4. exd5 cxd5 5. Nf3 Bg7 6. Bf4 Nc6 7. Nb5 Kf8 8. c3 Bg4 9. Qb3 Bxf3 10. gxf3 Qd7 11. Nc7 e5 12. Nxa8 exf4 13. 0-0-0 Nge7 14. h4 Qc8 15. Nb6 axb6 16. Qxb6 h5 17. Bh3 Qa8 18. Rhe1 Bf6 19. Qc7 Qxa2 20. Qxf4 Kg7 21. Qc7 Qb3 22. f4 Ra8 23. Kb1 Ra2 0-1

[Event "Cappelle rapid op 2nd"]
[Site "Cappelle la Grande"]
[Date "2020.02.29"]
[Round "9"]
[White "Petitcunot, Pierre"]
[Black "Velten, Paul"]
[Result "1-0"]
[WhiteElo "2452"]
[BlackElo "2483"]
[PlyCount "91"]
[EventDate "2020.02.29"]
[EventType "swiss (rapid)"]
[EventRounds "9"]
[EventCountry "FRA"]
[SourceTitle "CBM 195 Extra"]
[Source "ChessBase"]
[SourceDate "2020.05.31"]
[SourceVersion "1"]
[SourceVersionDate "2020.05.31"]
[SourceQuality "1"]

1. e4 c6 2. Nc3 d5 3. Nf3 Bg4 4. h3 Bxf3 5. Qxf3 e6 6. d4 g6 7. h4 Bg7 8. h5 Bxd4 9. Bf4 Qf6 10. Qg3 Nd7 11. 0-0-0 Bxc3 12. bxc3 Ne7 13. Bg5 Qg7 14. h6 Qf8 15. exd5 Nxd5 16. c4 N5b6 17. Rd6 f6 18. Be3 Qe7 19. Be2 e5 20. Rhd1 0-0-0 21. c5 Nd5 22. Bc4 Nc7 23. f3 Rhe8 24. Qe1 Nf8 25. Qa5 Kb8 26. R1d3 a6 27. Qb6 Nd7 28. Qa5 e4 29. Rb3 Nb5 30. a4 Ne5 31. Bxb5 cxb5 32. axb5 Nc4 33. Bf4 Rxd6 34. Qb4 Ne5 35. cxd6 a5 36. Qxa5 Qxd6 37. b6 Nd3+ 38. Rxd3 Qxf4+ 39. Rd2 exf3 40. Qa7+ Kc8 41. Qa8+ Qb8 42. Qa4 Re1+ 43. Kb2 Qe5+ 44. c3 Re2 45. Qd7+ Kb8 46. Qd8# 1-0

[Event "FRA-chT2 1011"]
[Site "France"]
[Date "2010.11.13"]
[Round "2.1"]
[White "Huerga Leache, Mikel"]
[Black "Petitcunot, Pierre"]
[Result "1-0"]
[WhiteElo "2415"]
[BlackElo "2403"]
[PlyCount "59"]
[EventDate "2010.10.17"]
[EventType "team-tourn"]
[EventRounds "11"]
[EventCountry "FRA"]
[SourceTitle "EXT 2012"]
[Source "ChessBase"]
[SourceDate "2011.11.24"]
[SourceVersion "1"]
[SourceVersionDate "2011.11.24"]
[SourceQuality "1"]

1. e4 g6 2. d4 c6 3. Nc3 d5 4. e5 f6 5. f4 Nh6 6. Be2 Bg7 7. Be3 0-0 8. Qd2 Ng4 9. Bxg4 Bxg4 10. h3 Be6 11. Nf3 b5 12. g4 Nd7 13. Ne2 Qc8 14. f5 gxf5 15. Bh6 Rf7 16. Bxg7 Kxg7 17. Nf4 Nf8 18. g5 Kh8 19. gxf6 exf6 20. Rg1 Qc7 21. exf6 Rxf6 22. Ne5 Bg8 23. Qf2 Rh6 24. 0-0-0 Qe7 25. Qg3 Ne6 26. Rde1 Nxf4 27. Qxf4 Qd6 28. Rxg8+ Kxg8 29. Rg1+ Kf8 30. Qxf5+ 1-0

[Event "FRA-chT2 0910"]
[Site "France"]
[Date "2010.01.24"]
[Round "7.1"]
[White "Polard, Gaetan"]
[Black "Petitcunot, Pierre"]
[Result "1/2-1/2"]
[WhiteElo "2229"]
[BlackElo "2402"]
[PlyCount "89"]
[EventDate "2009.09.27"]
[EventType "team-tourn"]
[EventRounds "11"]
[EventCountry "FRA"]
[SourceTitle "EXT 2011"]
[Source "ChessBase"]
[SourceDate "2010.11.26"]
[SourceVersion "1"]
[SourceVersionDate "2010.11.26"]
[SourceQuality "1"]

1. e4 g6 2. d4 c6 3. Nc3 d5 4. h3 Bg7 5. Nf3 Nf6 6. e5 Ne4 7. Nxe4 dxe4 8. Ng5 c5 9. d5 Bxe5 10. Nxe4 Bf5 11. c3 Nd7 12. Ng3 Qc7 13. Nxf5 gxf5 14. Bd3 f4 15. Qa4 a6 16. Qc2 Nf6 17. c4 Bd4 18. Qe2 0-0-0 19. 0-0 Rhg8 20. Bf5+ Kb8 21. Qf3 Be5 22. Re1 Ka8 23. Rb1 Rg5 24. Bd3 Rdg8 25. Bf1 Nd7 26. Re4 Qd6 27. Bd2 Qg6 28. Rbe1 Bd6 29. Bc3 f6 30. a3 Qf7 31. b4 Nf8 32. bxc5 Ng6 33. cxd6 Nh4 34. Qd3 Nxg2 35. Kh2 Nxe1 36. Bxe1 Qg6 37. Qf3 Rg1 38. Rxf4 Rxf1 39. Rg4 Qe8 40. Qe2 Rxe1 41. Qxe1 exd6 42. Rxg8 Qxg8 43. Qe7 Qc8 44. Qxf6 Qxc4 45. Qf3 1/2-1/2

[Event "FRA-chT2 0910"]
[Site "France"]
[Date "2009.12.12"]
[Round "5.1"]
[White "Petitcunot, Pierre"]
[Black "Piot, Olivier"]
[Result "1-0"]
[WhiteElo "2393"]
[BlackElo "2268"]
[PlyCount "127"]
[EventDate "2009.09.27"]
[EventType "team-tourn"]
[EventRounds "11"]
[EventCountry "FRA"]
[SourceTitle "EXT 2011"]
[Source "ChessBase"]
[SourceDate "2010.11.26"]
[SourceVersion "1"]
[SourceVersionDate "2010.11.26"]
[SourceQuality "1"]

1. e4 c5 2. Nf3 d6 3. d4 cxd4 4. Nxd4 Nf6 5. Nc3 a6 6. Bc4 e6 7. Bb3 b5 8. 0-0 Be7 9. Qf3 Qc7 10. Re1 Nc6 11. Nxc6 Qxc6 12. Bg5 0-0 13. Nd5 exd5 14. Bxd5 Nxd5 15. exd5 Qxc2 16. Bxe7 Re8 17. Bxd6 Bb7 18. Be5 Qg6 19. Bg3 Qg5 20. Red1 Rad8 21. h4 Qg6 22. Rac1 Rd7 23. Rd4 Red8 24. Qd1 h6 25. d6 Re8 26. a4 bxa4 27. Qxa4 Qf5 28. Qb4 Kh7 29. Re1 Re6 30. Rxe6 Qxe6 31. Rd1 Bc6 32. Qc3 Bb5 33. Re1 Qf5 34. Qc8 Qd5 35. Qc2+ Qd3 36. Qc1 Qd5 37. Re3 Qc4 38. Qb1+ g6 39. Rc3 Qd5 40. Qc2 Rd8 41. Rc5 Qe6 42. Qc3 f6 43. Rc7+ Rd7 44. Rc8 Rg7 45. Rf8 Rf7 46. Rb8 Rg7 47. Kh2 Rg8 48. Rb7+ Rg7 49. Rb6 Rf7 50. Rb8 Rg7 51. Rc8 Rg8 52. Rc7+ Rg7 53. Rc5 Rg8 54. Qd4 Rg7 55. Rc3 Rf7 56. b3 Qf5 57. Qe3 Qg4 58. f3 Qf5 59. Rc5 Qd3 60. Qe6 Kg7 61. Rc7 Rxc7 62. dxc7 Bd7 63. Qe7+ Kg8 64. Qd8+ 1-0

[Event "FRA-chT2 0910"]
[Site "France"]
[Date "2009.10.17"]
[Round "2.1"]
[White "Laurent, Bruno"]
[Black "Petitcunot, Pierre"]
[Result "1/2-1/2"]
[WhiteElo "2334"]
[BlackElo "2393"]
[PlyCount "23"]
[EventDate "2009.09.27"]
[EventType "team-tourn"]
[EventRounds "11"]
[EventCountry "FRA"]
[SourceTitle "EXT 2011"]
[Source "ChessBase"]
[SourceDate "2010.11.26"]
[SourceVersion "1"]
[SourceVersionDate "2010.11.26"]
[SourceQuality "1"]

1. e4 g6 2. d4 c6 3. Nc3 d5 4. Nf3 Bg7 5. h3 Nf6 6. Bd3 dxe4 7. Nxe4 Nxe4 8. Bxe4 Qd6 9. 0-0 Nd7 10. Re1 c5 11. c3 cxd4 12. Nxd4 1/2-1/2

[Event "Agneaux St Lo IM"]
[Site "Agneaux"]
[Date "2008.07.09"]
[Round "2"]
[White "Poley, Vladimir"]
[Black "Petitcunot, Pierre"]
[Result "1-0"]
[WhiteElo "2303"]
[BlackElo "2398"]
[PlyCount "53"]
[EventDate "2008.07.08"]
[EventType "tourn"]
[EventRounds "9"]
[EventCountry "FRA"]
[EventCategory "4"]
[SourceTitle "EXT 2009"]
[Source "ChessBase"]
[SourceDate "2008.11.26"]
[SourceVersion "1"]
[SourceVersionDate "2008.11.26"]
[SourceQuality "1"]

1. d4 g6 2. Nf3 Bg7 3. e4 c6 4. h3 d5 5. Nc3 Nf6 6. Bd3 dxe4 7. Nxe4 Nxe4 8. Bxe4 Nd7 9. c3 Nf6 10. Bc2 Qd6 11. 0-0 0-0 12. Bg5 b5 13. Re1 Nd5 14. Qe2 Re8 15. Bb3 a6 16. Rad1 Bb7 17. Nd2 Qc7 18. Ne4 Rad8 19. Qf3 Bc8 20. Nc5 Qd6 21. Bh4 h6 22. Bg3 Qf6 23. Qe4 g5 24. Be5 Qf5 25. Qxf5 Bxf5 26. Nxa6 Rd7 27. Nb8 1-0

[Event "Agneaux St Lo IM"]
[Site "Agneaux"]
[Date "2008.07.08"]
[Round "1"]
[White "Petitcunot, Pierre"]
[Black "Bator, Robert"]
[Result "1/2-1/2"]
[WhiteElo "2398"]
[BlackElo "2394"]
[PlyCount "47"]
[EventDate "2008.07.08"]
[EventType "tourn"]
[EventRounds "9"]
[EventCountry "FRA"]
[EventCategory "4"]
[SourceTitle "EXT 2009"]
[Source "ChessBase"]
[SourceDate "2008.11.26"]
[SourceVersion "1"]
[SourceVersionDate "2008.11.26"]
[SourceQuality "1"]

1. e4 c5 2. Nf3 Nc6 3. d4 cxd4 4. Nxd4 e5 5. Nb5 d6 6. c4 Be7 7. N1c3 a6 8. Na3 Be6 9. Bd3 Bg5 10. 0-0 Bxc1 11. Rxc1 Nge7 12. Nd5 Nd4 13. Bb1 0-0 14. f4 f6 15. Kh1 b5 16. Nc2 Nxc2 17. Qxc2 Rc8 18. Qd3 bxc4 19. Rxc4 Rxc4 20. Qxc4 Bxd5 21. exd5 a5 22. Qa6 exf4 23. Rxf4 Ng6 24. Bxg6 1/2-1/2

[Event "FRA-chT2 Nord 0708"]
[Site "France"]
[Date "2008.02.10"]
[Round "7.1"]
[White "Debray, Christopher"]
[Black "Petitcunot, Pierre"]
[Result "0-1"]
[WhiteElo "2362"]
[BlackElo "2389"]
[PlyCount "120"]
[EventDate "2007.10.21"]
[EventType "team"]
[EventRounds "11"]
[EventCountry "FRA"]
[SourceTitle "EXT 2009"]
[Source "ChessBase"]
[SourceDate "2008.11.26"]
[SourceVersion "1"]
[SourceVersionDate "2008.11.26"]
[SourceQuality "1"]
[WhiteTeam "Franconville"]
[BlackTeam "Henin Beaumont"]
[WhiteTeamCountry "FRA"]
[BlackTeamCountry "FRA"]

1. e4 g6 2. c4 Bg7 3. Nc3 d6 4. g3 b6 5. Bg2 Bb7 6. d4 e6 7. Nge2 Ne7 8. 0-0 0-0 9. Be3 d5 10. exd5 exd5 11. Nf4 Ba6 12. Re1 Bxc4 13. b3 Ba6 14. Nfxd5 Nxd5 15. Nxd5 c6 16. Nb4 Qd6 17. Qd2 Bb7 18. Bf4 Qd7 19. Rad1 Na6 20. d5 Nxb4 21. Qxb4 c5 22. Qd2 Rfe8 23. Bh6 Bd4 24. Be3 Bxd5 25. Bxd4 Bxg2 26. Rxe8+ Rxe8 27. Bf6 Qc6 28. Qd8 Bh3 29. f3 Qe6 30. Qxe8+ Qxe8 31. Rd8 Qxd8 32. Bxd8 Kf8 33. Kf2 Ke8 34. Bf6 Kd7 35. Ke3 Ke6 36. Bd8 Kd5 37. a3 Bg2 38. Bf6 Bh3 39. Kd2 Bf1 40. Ke3 Bb5 41. Kd2 Bc6 42. Kc3 Bd7 43. Kd2 Bf5 44. Kc3 Be6 45. Be7 Bh3 46. Kd3 Bf1+ 47. Ke3 c4 48. bxc4+ Bxc4 49. g4 h5 50. gxh5 gxh5 51. Kf2 Bd3 52. Kg3 Be2 53. f4 b5 54. Kh4 f5 55. Kg3 a5 56. Kf2 Kd4 57. h4 Bg4 58. Bf8 Kc3 59. Ke3 b4 60. Bg7+ Kc2 0-1

[Event "FRA-chT2 Nord 0708"]
[Site "France"]
[Date "2008.01.19"]
[Round "5.1"]
[White "Petitcunot, Pierre"]
[Black "Carlhammar, Magnus"]
[Result "1-0"]
[WhiteElo "2389"]
[BlackElo "2335"]
[PlyCount "75"]
[EventDate "2007.10.21"]
[EventType "team"]
[EventRounds "11"]
[EventCountry "FRA"]
[SourceTitle "EXT 2009"]
[Source "ChessBase"]
[SourceDate "2008.11.26"]
[SourceVersion "1"]
[SourceVersionDate "2008.11.26"]
[SourceQuality "1"]
[WhiteTeam "Henin Beaumont"]
[BlackTeam "Club 608"]
[WhiteTeamCountry "FRA"]
[BlackTeamCountry "FRA"]

1. e4 e5 2. Nf3 Nc6 3. Nc3 Nf6 4. g3 d5 5. exd5 Nxd5 6. Bg2 Nxc3 7. bxc3 Bd6 8. 0-0 0-0 9. Rb1 Rb8 10. d4 Bf5 11. Re1 Re8 12. d5 Na5 13. Nh4 Bd7 14. Qd3 b5 15. Nf5 e4 16. Rxe4 Bxf5 17. Rxe8+ Qxe8 18. Qxf5 Qe1+ 19. Bf1 Nc4 20. Qd3 Re8 21. Rxb5 Ne5 22. Qe3 Qd1 23. Kg2 Kf8 24. Be2 Qxc2 25. Rb2 Qf5 26. Qf4 Qg6 27. Be3 h5 28. Qd4 Ng4 29. Bf4 Ne5 30. Bb5 Re7 31. Re2 f6 32. Qe4 Qf7 33. c4 g5 34. Bc1 g4 35. Qf5 Nf3 36. Rxe7 Qxe7 37. Bh6+ Kg8 38. Be3 1-0

[Event "FRA-chT2 Nord 0708"]
[Site "France"]
[Date "2007.10.21"]
[Round "1.1"]
[White "Jonkman, Harmen"]
[Black "Petitcunot, Pierre"]
[Result "1/2-1/2"]
[WhiteElo "2421"]
[BlackElo "2383"]
[PlyCount "64"]
[EventDate "2007.10.21"]
[EventType "team"]
[EventRounds "11"]
[EventCountry "FRA"]
[SourceTitle "EXT 2009"]
[Source "ChessBase"]
[SourceDate "2008.11.26"]
[SourceVersion "1"]
[SourceVersionDate "2008.11.26"]
[SourceQuality "1"]
[WhiteTeam "Le Touquet"]
[BlackTeam "Henin Beaumont"]
[WhiteTeamCountry "FRA"]
[BlackTeamCountry "FRA"]

1. d4 g6 2. e4 Bg7 3. Nc3 c6 4. h3 d5 5. Nf3 Nf6 6. Bd3 dxe4 7. Nxe4 Nxe4 8. Bxe4 Nd7 9. 0-0 Nf6 10. Bd3 Qd6 11. Qe2 0-0 12. Re1 Re8 13. Bc4 b5 14. Bb3 Nd5 15. a4 a6 16. Ng5 Bf5 17. Qf3 e5 18. g4 e4 19. Nxe4 Qe6 20. gxf5 gxf5 21. Nf6+ Qxf6 22. Rd1 Qe6 23. c3 Qe4 24. Kg2 Kh8 25. Qxe4 fxe4 26. Re1 f5 27. axb5 axb5 28. Ba2 Bf6 29. Kf1 Bh4 30. Bxd5 cxd5 31. Bf4 Kg7 32. Ke2 Kf7 1/2-1/2

[Event "FRA-chT2 North 0607"]
[Site "France"]
[Date "2007.03.18"]
[Round "9.1"]
[White "Petitcunot, Pierre"]
[Black "Belkhodja, Slim"]
[Result "1/2-1/2"]
[WhiteElo "2393"]
[BlackElo "2487"]
[PlyCount "48"]
[EventDate "2006.10.15"]
[EventType "team"]
[EventRounds "11"]
[EventCountry "FRA"]
[SourceTitle "EXT 2008"]
[Source "ChessBase"]
[SourceDate "2007.11.25"]
[SourceVersion "1"]
[SourceVersionDate "2007.11.25"]
[SourceQuality "1"]
[WhiteTeam "Henin Beaumont"]
[BlackTeam "Chalons en Champagne"]
[WhiteTeamCountry "FRA"]
[BlackTeamCountry "FRA"]

1. e4 c5 2. Nf3 Nc6 3. d4 cxd4 4. Nxd4 e5 5. Nb5 d6 6. c4 Be7 7. N1c3 a6 8. Na3 Be6 9. Bd3 Bg5 10. 0-0 h6 11. Nd5 Nge7 12. Nc2 0-0 13. b4 Bxc1 14. Rxc1 a5 15. a3 axb4 16. axb4 Ng6 17. Qd2 Qg5 18. Qxg5 hxg5 19. Rfd1 Ra2 20. Nc7 Nf4 21. Bf1 Rb2 22. b5 Na5 23. Ne3 Nb3 24. Rc2 Rxc2 1/2-1/2

[Event "FRA-chT2 North 0607"]
[Site "France"]
[Date "2006.11.26"]
[Round "3.1"]
[White "Onkoud, Abdelaziz"]
[Black "Petitcunot, Pierre"]
[Result "1/2-1/2"]
[WhiteElo "2413"]
[BlackElo "2404"]
[PlyCount "65"]
[EventDate "2006.10.15"]
[EventType "team"]
[EventRounds "11"]
[EventCountry "FRA"]
[SourceTitle "EXT 2008"]
[Source "ChessBase"]
[SourceDate "2007.11.25"]
[SourceVersion "1"]
[SourceVersionDate "2007.11.25"]
[SourceQuality "1"]
[WhiteTeam "Noisy le Grand"]
[BlackTeam "Henin Beaumont"]
[WhiteTeamCountry "FRA"]
[BlackTeamCountry "FRA"]

1. d4 Nf6 2. g3 c5 3. c3 e6 4. Bg2 Nc6 5. Nf3 Be7 6. 0-0 0-0 7. Nbd2 b6 8. e4 cxd4 9. Nxd4 Ba6 10. Re1 Ne5 11. N2b3 Rc8 12. f4 Nc4 13. e5 Ne8 14. Nd2 Nxd2 15. Bxd2 Bc5 16. Be3 Nc7 17. Qa4 Rb8 18. b4 Bxd4 19. Bxd4 Qc8 20. Bf2 Bb7 21. Bxb7 Qxb7 22. c4 Rfd8 23. Rad1 b5 24. Qxa7 bxc4 25. Rb1 Nd5 26. b5 Nc3 27. Rbc1 Qf3 28. Qe3 Qxe3 29. Bxe3 Nxa2 30. Rxc4 Rxb5 31. Re2 Nb4 32. Rb2 Rdb8 33. Rc7 1/2-1/2

[Event "La Fere op 4th"]
[Site "La Fere"]
[Date "2005.07.06"]
[Round "6"]
[White "Bogdan, Dan"]
[Black "Petitcunot, Pierre"]
[Result "0-1"]
[WhiteElo "2455"]
[BlackElo "2390"]
[PlyCount "120"]
[EventDate "2005.07.02"]
[EventType "swiss"]
[EventRounds "9"]
[EventCountry "FRA"]
[SourceTitle "CBM 107 Extra"]
[Source "ChessBase"]
[SourceDate "2005.09.01"]
[SourceVersion "1"]
[SourceVersionDate "2005.09.01"]
[SourceQuality "1"]

1. c4 g6 2. g3 Bg7 3. Bg2 d6 4. Nc3 Nc6 5. Rb1 e5 6. b4 Nf6 7. d3 0-0 8. e3 Bg4 9. Nge2 Qd7 10. b5 Nd8 11. h3 Be6 12. Nd5 Nh5 13. Qa4 f5 14. f4 Bf7 15. 0-0 Ne6 16. Qc2 c6 17. Ndc3 Rac8 18. bxc6 bxc6 19. Ba3 Rfe8 20. Qd2 exf4 21. gxf4 Qe7 22. Nd1 Bh6 23. Bb2 Nc5 24. Nd4 Qd7 25. Nf3 Ne6 26. Nd4 Nxd4 27. Bxd4 Qe7 28. Qa5 c5 29. Bc3 Rb8 30. Rb3 g5 31. fxg5 Bxg5 32. Bd2 Bg6 33. Qc3 h6 34. Qb2 Rxb3 35. axb3 Kh7 36. b4 Rb8 37. b5 Rg8 38. Rf3 Nf6 39. Nc3 Qe5 40. Na4 Qe6 41. b6 axb6 42. Qxb6 Nd7 43. Qb7 Rg7 44. Qb1 Bh5 45. Rg3 Re7 46. Bd5 Qf6 47. Kh1 Ne5 48. Qf1 Ng6 49. Nc3 Qe5 50. Rg2 Nh4 51. Rf2 Bxe3 52. Bxe3 Qxe3 53. Rf4 Qg3 54. Rf2 Re3 55. Ne2 Qe5 56. d4 cxd4 57. Ng1 Re1 58. Qd3 Qe3 59. Qc2 Qxh3+ 60. Rh2 Bf3+ 0-1

[Event "La Fere op 4th"]
[Site "La Fere"]
[Date "2005.07.04"]
[Round "4"]
[White "Schuurman, Petra"]
[Black "Petitcunot, Pierre"]
[Result "0-1"]
[WhiteElo "2266"]
[BlackElo "2390"]
[PlyCount "94"]
[EventDate "2005.07.02"]
[EventType "swiss"]
[EventRounds "9"]
[EventCountry "FRA"]
[SourceTitle "CBM 107 Extra"]
[Source "ChessBase"]
[SourceDate "2005.09.01"]
[SourceVersion "1"]
[SourceVersionDate "2005.09.01"]
[SourceQuality "1"]

1. d4 g6 2. c4 Bg7 3. e4 d6 4. Nc3 c5 5. d5 e6 6. Bd3 exd5 7. exd5 Ne7 8. Nf3 Bg4 9. h3 Bxf3 10. Qxf3 Nd7 11. 0-0 0-0 12. Bf4 Ne5 13. Qg3 Kh8 14. Rad1 Qd7 15. Kh1 Nf5 16. Bxf5 gxf5 17. b3 Rg8 18. Bc1 a6 19. f4 Ng6 20. Na4 Rae8 21. Bb2 Qd8 22. Rde1 Rxe1 23. Qxe1 Re8 24. Qa1 Bxb2 25. Qxb2+ Kg8 26. Nc3 Qe7 27. Kh2 Qe3 28. Rf3 Qd4 29. Qf2 Qxf2 30. Rxf2 Re3 31. Ne2 Kf8 32. g3 b5 33. cxb5 axb5 34. Ng1 Rd3 35. Nf3 Ne7 36. Nh4 b4 37. Kg2 Ke8 38. Re2 Kd7 39. Kf2 Rxd5 40. Nf3 h6 41. Nd2 Rd3 42. Nc4 Nd5 43. Re5 Nf6 44. Rxf5 Ke6 45. g4 Ne4+ 46. Kg2 Ng3 47. Nb2 Rc3 0-1

[Event "Bethune op-A 25th"]
[Site "Bethune"]
[Date "2004.12.30"]
[Round "7"]
[White "Petitcunot, Pierre"]
[Black "Novitzkij, Dmitrij"]
[Result "1/2-1/2"]
[WhiteElo "2351"]
[BlackElo "2394"]
[PlyCount "40"]
[EventDate "2004.12.26"]
[EventType "swiss"]
[EventRounds "7"]
[EventCountry "FRA"]
[SourceTitle "CBM 104 Extra"]
[Source "ChessBase"]
[SourceDate "2005.03.01"]
[SourceVersion "1"]
[SourceVersionDate "2005.03.01"]
[SourceQuality "1"]

1. e4 c6 2. Nc3 d5 3. Nf3 g6 4. h3 Bg7 5. d4 Nh6 6. Bf4 dxe4 7. Nxe4 Nf5 8. c3 0-0 9. Bd3 Nd6 10. 0-0 Nxe4 11. Bxe4 Nd7 12. Qd2 e5 13. dxe5 Nxe5 14. Qxd8 Nxf3+ 15. Bxf3 Rxd8 16. Bc7 Re8 17. Rfd1 Be6 18. a3 Rac8 19. Bf4 Red8 20. Be3 a6 1/2-1/2

[Event "Bethune op-A 25th"]
[Site "Bethune"]
[Date "2004.12.27"]
[Round "2"]
[White "Both, Erik"]
[Black "Petitcunot, Pierre"]
[Result "0-1"]
[WhiteElo "2172"]
[BlackElo "2351"]
[PlyCount "110"]
[EventDate "2004.12.26"]
[EventType "swiss"]
[EventRounds "7"]
[EventCountry "FRA"]
[SourceTitle "CBM 104 Extra"]
[Source "ChessBase"]
[SourceDate "2005.03.01"]
[SourceVersion "1"]
[SourceVersionDate "2005.03.01"]
[SourceQuality "1"]

1. e4 g6 2. d4 Bg7 3. Nc3 c6 4. Nf3 d5 5. h3 Nh6 6. Be3 f6 7. Qd2 Nf7 8. 0-0-0 0-0 9. Kb1 a5 10. exd5 cxd5 11. Bb5 Na6 12. Rhe1 Nc7 13. Qe2 Nxb5 14. Qxb5 e6 15. Bf4 Nd6 16. Qd3 Ra6 17. a4 Bd7 18. Nd2 Re8 19. Bxd6 Rxd6 20. Nb3 b6 21. f4 Rc6 22. g4 Bf8 23. Re2 Re7 24. Qf3 Rf7 25. Rg1 Qc8 26. h4 Rc4 27. h5 g5 28. Qe3 Qd8 29. Rf1 Bh6 30. f5 exf5 31. gxf5 Bf8 32. Nd2 Rc8 33. Qf3 Bb4 34. Qxd5 Qf8 35. Rfe1 Kh8 36. Nde4 Rd8 37. Qb3 Bxf5 38. d5 Bg4 39. Rf2 h6 40. Qc4 f5 41. Qd4+ Qg7 42. Qxb6 Rff8 43. Nxg5 Rd6 44. Qxd6 Bxd6 45. Ne6 Qa7 46. Rg2 Rg8 47. Nb5 Qb6 48. Ned4 Qc5 49. Re6 Qxd5 50. Rxh6+ Kg7 51. Rg6+ Kh7 52. Nxf5 Bxf5 53. Rxg8 Qd1+ 54. Ka2 Be6+ 55. b3 Be5 0-1

[Event "FRA-chT2 0304"]
[Site "France"]
[Date "2004.02.01"]
[Round "7"]
[White "Petitcunot, Pierre"]
[Black "Winants, Luc"]
[Result "1-0"]
[WhiteElo "2354"]
[BlackElo "2497"]
[PlyCount "79"]
[EventDate "2003.10.??"]
[EventType "team"]
[EventRounds "11"]
[EventCountry "FRA"]
[SourceTitle "EXT 2005"]
[Source "ChessBase"]
[SourceDate "2004.11.15"]
[SourceVersion "1"]
[SourceVersionDate "2004.11.15"]
[SourceQuality "1"]

1. e4 e5 2. Nf3 Nc6 3. Nc3 Nf6 4. g3 Bc5 5. Bg2 d6 6. 0-0 Bg4 7. h3 Bxf3 8. Qxf3 a6 9. d3 h5 10. Be3 Nd4 11. Bxd4 Bxd4 12. Ne2 Bb6 13. Rad1 h4 14. g4 Nd7 15. d4 Qe7 16. c4 0-0 17. b4 Bxd4 18. Nxd4 exd4 19. Rxd4 a5 20. b5 Nc5 21. Re1 Rad8 22. Qe3 Rfe8 23. Rd5 Nd7 24. Qc3 a4 25. f4 Nf8 26. Qd2 Ng6 27. Rh5 c6 28. Rf1 d5 29. cxd5 cxd5 30. e5 Rc8 31. Kh1 Qc5 32. e6 fxe6 33. f5 Ne5 34. fxe6 d4 35. Be4 Qa3 36. Bh7+ Kh8 37. Be4+ Kg8 38. Bh7+ Kh8 39. Bd3+ Kg8 40. Rxe5 1-0

[Event "FRA-chT2 0304"]
[Site "France"]
[Date "2004.01.18"]
[Round "6"]
[White "Moingt, Jean Claude"]
[Black "Petitcunot, Pierre"]
[Result "0-1"]
[WhiteElo "2296"]
[BlackElo "2354"]
[PlyCount "80"]
[EventDate "2003.10.??"]
[EventType "team"]
[EventRounds "11"]
[EventCountry "FRA"]
[SourceTitle "EXT 2005"]
[Source "ChessBase"]
[SourceDate "2004.11.15"]
[SourceVersion "1"]
[SourceVersionDate "2004.11.15"]
[SourceQuality "1"]

1. e4 g6 2. d4 Bg7 3. Nc3 c6 4. Nf3 d5 5. h3 Nf6 6. Bd3 dxe4 7. Nxe4 Nxe4 8. Bxe4 Nd7 9. 0-0 Nf6 10. Bd3 Qd6 11. c3 0-0 12. Re1 b6 13. Qe2 e6 14. Ne5 Nd5 15. h4 f6 16. Nc4 Qc7 17. Qe4 e5 18. Ne3 Be6 19. dxe5 fxe5 20. Bd2 Rf4 21. Nxd5 Bxd5 22. Qe2 Rxh4 23. Bg5 Rh5 24. Qd2 e4 25. Bf4 Be5 26. Bxe5 Rxe5 27. Qf4 Rf8 28. Qg3 Qe7 29. c4 Bf7 30. Re3 Re8 31. Bf1 g5 32. Rae1 Bg6 33. Be2 h5 34. Bd1 Qf6 35. Bc2 g4 36. Kh2 Kh8 37. f3 gxf3 38. gxf3 Rg5 39. Qc7 Rg8 40. fxe4 Qf2+ 0-1

[Event "FRA-chT3 Gr8 0203"]
[Site "France"]
[Date "2003.02.02"]
[Round "6"]
[White "Petitcunot, Pierre"]
[Black "Daurelle, Herve"]
[Result "1-0"]
[WhiteElo "2354"]
[BlackElo "2241"]
[PlyCount "71"]
[EventDate "2002.10.??"]
[EventType "team"]
[EventRounds "9"]
[EventCountry "FRA"]
[SourceTitle "EXT 2005"]
[Source "ChessBase"]
[SourceDate "2004.11.15"]
[SourceVersion "1"]
[SourceVersionDate "2004.11.15"]
[SourceQuality "1"]

1. e4 e5 2. Nf3 Nc6 3. d4 exd4 4. Nxd4 Nf6 5. Nxc6 bxc6 6. e5 Qe7 7. Qe2 Nd5 8. c4 Ba6 9. g3 g6 10. Bg2 Bg7 11. 0-0 0-0 12. Re1 Rfe8 13. Qc2 Qc5 14. Na3 Nb6 15. Be3 Qxe5 16. Rab1 Qh5 17. b4 Re6 18. Bf4 Rae8 19. Rxe6 Rxe6 20. Bxc7 Bd4 21. Qd3 c5 22. b5 Bc8 23. Nc2 Be5 24. Bxe5 Qxe5 25. Ne3 d6 26. Qb3 Re8 27. a4 Bf5 28. Rd1 Be4 29. Bxe4 Qxe4 30. Rxd6 f5 31. a5 Qe5 32. Rd1 Nc8 33. Qd3 f4 34. Qd5+ Qxd5 35. Nxd5 Re2 36. Nxf4 1-0